00770nam a2200253 a 4500001001300000003000900013005001700022008004100039020002300080082001900103100001900122245005500141260003300196300000900229500003500238505001800273650001800291650002400309700001900333902000800352942000700360952013200367999001700499nice12345678IN_TiNIC20260116014331.0050524s2011 dela grp 000 0 eng  a9788178847009c80000a341.7588bMEH1 aMehta, Balwant aCaste and Communities in Conflict of Modernisation aDelhi bCyber Techpub c2011 a262p aincludes index and biblioraphy2 abiblio, index aGlobalization aConflict Resolution1 aMehta, Balwant bSRS cBK 001040708StackRoom-aHMIbHMId2010-10-28g800.00l1o341.7588 MEH1p023386r2015-12-11s2015-12-10v800.00w2005-05-24yBK c14860d14860